AI醫療革命 : (Record no. 7628)
[ view plain ]
| 000 -LEADER | |
|---|---|
| fixed length control field | 01200cam a2200361 i 4500 |
| 001 - CONTROL NUMBER | |
| control field | 005673631 |
| 003 - CONTROL NUMBER IDENTIFIER | |
| control field | YEEZEN |
| 005 - DATE AND TIME OF LATEST TRANSACTION | |
| control field | 20241230153835.0 |
| 008 - FIXED-LENGTH DATA ELEMENTS--GENERAL INFORMATION | |
| fixed length control field | 240102s2023 ch g 000 0 chi d |
| 020 ## - INTERNATIONAL STANDARD BOOK NUMBER | |
| International Standard Book Number | 9786263553408 |
| Qualifying information | (平裝) : |
| Terms of availability | 新臺幣480元 |
| 040 ## - CATALOGING SOURCE | |
| Original cataloging agency | NCNU |
| Language of cataloging | chi |
| Transcribing agency | NCNU |
| Modifying agency | NCNU |
| Description conventions | CCR |
| 041 1# - LANGUAGE CODE | |
| Language code of text/sound track or separate title | chi |
| Language code of original | eng |
| 042 ## - AUTHENTICATION CODE | |
| Authentication code | nbic |
| 086 ## - GOVERNMENT DOCUMENT CLASSIFICATION NUMBER | |
| Number source | 419.5 |
| Canceled/invalid classification number | ncsclt |
| 090 ## - LOCALLY ASSIGNED LC-TYPE CALL NUMBER (OCLC); LOCAL CALL NUMBER (RLIN) | |
| Classification number (OCLC) (R) ; Classification number, CALL (RLIN) (NR) | 419.5 |
| 100 1# - MAIN ENTRY--PERSONAL NAME | |
| Personal name | Lee, Peter |
| Relator term | 著 |
| 245 10 - TITLE STATEMENT | |
| Title | AI醫療革命 : |
| Remainder of title | GPT-4與未來 = The AI revolution in medicine : GPT-4 and beyond / |
| Statement of responsibility, etc. | 彼得.李(Peter Lee)等著 ; 王家軒譯 |
| 246 31 - VARYING FORM OF TITLE | |
| Title proper/short title | The AI revolution in medicine : |
| Remainder of title | GPT-4 and beyond. |
| 246 30 - VARYING FORM OF TITLE | |
| Title proper/short title | GPT-4與未來 |
| 250 ## - EDITION STATEMENT | |
| Edition statement | 第一版 |
| 260 ## - PUBLICATION, DISTRIBUTION, ETC. | |
| Place of publication, distribution, etc. | 臺北市 : |
| Name of publisher, distributor, etc. | 遠見天下文化出版, |
| Date of publication, distribution, etc. | 2023.09 |
| 300 ## - PHYSICAL DESCRIPTION | |
| Extent | 325面 ; |
| Dimensions | 21公分 |
| 490 1# - SERIES STATEMENT | |
| Series statement | 科學文化 ; |
| Volume/sequential designation | 231. |
| 490 1# - SERIES STATEMENT | |
| Series statement | Science culture ; |
| Volume/sequential designation | 231. |
| 650 #7 - SUBJECT ADDED ENTRY--TOPICAL TERM | |
| Topical term or geographic name entry element | 健康照護體系 |
| Source of heading or term | lcstt. |
| 650 #7 - SUBJECT ADDED ENTRY--TOPICAL TERM | |
| Topical term or geographic name entry element | 人工智慧 |
| Source of heading or term | lcstt. |
| 700 1# - ADDED ENTRY--PERSONAL NAME | |
| Personal name | 王家軒 |
| Relator term | 譯 |
| 740 0# - ADDED ENTRY--UNCONTROLLED RELATED/ANALYTICAL TITLE | |
| Uncontrolled related/analytical title | The AI revolution in medicine : GPT-4 and beyond. |
| 765 0# - ORIGINAL LANGUAGE ENTRY | |
| Main entry heading | The AI revolution in medicine : GPT-4 and beyond. |
| 830 #0 - SERIES ADDED ENTRY--UNIFORM TITLE | |
| Uniform title | 科學文化 ; |
| Volume/sequential designation | 231. |
| 830 #0 - SERIES ADDED ENTRY--UNIFORM TITLE | |
| Uniform title | Science culture ; |
| Volume/sequential designation | 231. |
| 942 ## - ADDED ENTRY ELEMENTS (KOHA) | |
| Source of classification or shelving scheme | 中文圖書分類法 |
| Koha item type | 一般圖書 |
| 撤銷狀態 | 遺失狀態 | 分類號來源 | 損壞狀態 | 不外借 | 永久館藏地 | 現在館藏地 | 書架位置 | 採購日期 | 全部借出 | 全部續借 | 完整索書號 | 條碼號 | 最後一次日期記錄 | Date last checked out | 一般價格有效日期 | Koha館藏類型 | 公開資訊 |
|---|---|---|---|---|---|---|---|---|---|---|---|---|---|---|---|---|---|
| 未註銷館藏 | 未遺失 | 中文圖書分類法 | 未損毀 | 可外借 | 怡仁綜合醫院圖書館 | 怡仁綜合醫院圖書館 | 2024-12-30 | 1 | 1 | 419.5 | C03212 | 2025-03-12 | 2025-02-25 | 2024-12-30 | 一般圖書 | 本書帶您看見與思考: ● 通過真正的 AI 助手預覽醫生一天的生活。 ● 了解 AI 如何增強床邊和其他地方的醫患交流。 ● 了解現代 AI 的工作原理、為什麼會失敗,以及如何測試它以建立信任 |